Normal view
MARC view
Entry Topical Term
001 - CONTROL NUMBER
- control field: 16377
003 - CONTROL NUMBER IDENTIFIER
- control field: ARRUPE
005 - DATE AND TIME OF LATEST TRANSACTION
- control field: 20150313162844.0
008 - FIXED-LENGTH DATA ELEMENTS
- fixed length control field: 150313|| aca||aabn | a|a d
040 ## - CATALOGING SOURCE
- Original cataloging agency: ARRUPE
- Transcribing agency: ARRUPE
150 ## - HEADING--TOPICAL TERM
- Topical term or geographic name as entry element: Health, Personal
670 ## - SOURCE DATA FOUND
- Source citation: Work cat.: (ARRUPE): Bottom Line/Health (ed) 16376, Uncommon cures for everyday ailments, 2010